00249nam a2200097Ia 4500008004100000100000900041245005300050260002400103942000700127999001700134190216s9999||||xx |||||||||||||| ||und|| aNull 0aHindi-Naresh Mehtha Ka Kavya Samvedan Aur Shilpa bSandhy Pubs.Calicut cBK c17980d17980